LIBRARY & INFORMATION CENTRE, KCAET, TAVANUR

ONLINE PUBLIC ACCESS CATALOGUE (OPAC)

Refrigeration and air conditioning / (Record no. 65)

MARC details
000 -LEADER
fixed length control field 00564cam a2200241ua 4500
041 ## - LANGUAGE CODE
Language code of text/sound track or separate title eng
082 ## - DEWEY DECIMAL CLASSIFICATION NUMBER
Classification number 697.93
Item number BAL/RE
100 ## - MAIN ENTRY--AUTHOR NAME
Personal name Ballaney, P L .
245 ## - TITLE STATEMENT
Title Refrigeration and air conditioning /
250 ## - EDITION STATEMENT
Edition statement 7 /
260 ## - PUBLICATION, DISTRIBUTION, ETC. (IMPRINT)
Place of publication New Delhi :
Name of publisher Khanna publishers ,
Year of publication 1985.
300 ## - PHYSICAL DESCRIPTION
Number of Pages 939 ; .
942 ## - ADDED ENTRY ELEMENTS (KOHA)
Koha item type Books
003 - CONTROL NUMBER IDENTIFIER
control field @
003 - CONTROL NUMBER IDENTIFIER
control field OSt
Holdings
Withdrawn status Lost status Damaged status Home library Current library Date acquired Full call number Accession Number Koha item type Collection code Shelving location
      KAUAET KAUAET 26/03/1986 697.93 15218 Books    
      KAUAET KAUAET 07/04/2012 697.93 18539 Books    
      KAUAET KAUAET 26/03/1986 697.93 15220 Books    
      KAUAET KAUAET 12/02/1986 697.93 14904 Books    
      KAUAET KAUAET 18/09/2012 697.93 BAL/RE 17891 Book Bank scheme for SC students Non-fiction Scheme
free website counter